000 01231nam a2200325 a 4500
001
003 DO-SdBNP
005 20211018135759.0
008 100122s2008 dr 000 0 spa d
020 _a9789945020496
040 _aDO-SdBNP
_bspa
_cBPMSU
082 _a261
_bL697b 2008
_222
245 0 0 _aLibro de bautismos de esclavos :
_b1636 - 1670 /
_cintroducción y transcripción José Luis Sáez.
260 _aSanto Domingo :
_bArchivo General de la Nación,
_c2008.
300 _a229 p. ; :
_b23 cm.
490 0 _aArchivo General de la Nación ;
_v63
500 _aIncluye datos biográficos de José Luis Sáez
500 _aIncluye referencias bibliográficas y notas al pie de las páginas
590 _aInventariado, 2021/VM
650 4 _aRegistros de bautismo
_zSanto Domingo.(República Dominicana)
_x
_z
650 4 _aEsclavos
_zSanto Domingo (República Dominicana)
650 4 _aEsclavos
_xRitos y ceremonias
651 4 _aRepública Dominicana
_xHistoria
_yColonia 1636-1670
700 _aSáez, José Luis
_eintrod.
700 z _aSáez Ramo, José Luis,
_d1937
700 z _aRamo, Jośe Luis Sáez
_d1937-
830 0 _aArchivo General de la Nación ;
_n63
910 _aVMateo Vj.
942 _2ddc
_cBK
999 _c13800
_d13800